Top 3 NBA 2K21 Players by College: Big 12 - Statistics

General Stats
  • This quiz has been taken 9 times
  • The average score is 11 of 31
Answer Stats
College Player Rating % Correct
Kansas Wilt Chamberlain 98
100%
West Virginia Jerry West 97
86%
Texas Kevin Durant 97
86%
Oklahoma Blake Griffin 90
71%
Texas Tech Jarrett Culver 73
71%
Oklahoma Trae Young 88
71%
Kansas Joel Embiid 95
57%
Oklahoma Buddy Hield 77
43%
Kansas State Dean Wade 73
43%
West Virginia Jevon Carter 72
43%
Texas LaMarcus Aldridge 89
43%
Kansas Paul Pierce 94
43%
Baylor Vinnie Johnson 77
43%
TCU Desmond Bane 76
29%
Texas Jarrett Allen 84
29%
Kansas Jo Jo White 94
29%
Kansas State Mitch Richmond 94
29%
Iowa State Monté Morris 79
29%
Kansas State Rolando Blackman 88
29%
Oklahoma State Tony Allen 85
29%
Iowa State Tyrese Haliburton 82
29%
Texas Tech Zhaire Smith 70
29%
Baylor David Wesley 84
14%
TCU Kenrich Williams 76
14%
Kansas State Rodney McGruder 73
14%
Baylor Royce O'Neale 75
14%
Oklahoma State Bryant Reeves 84
0%
Texas Tech Darvin Ham 72
0%
Iowa State Jeff Hornacek 84
0%
Oklahoma State John Starks 88
0%
TCU Scott Brooks 71
0%
No matching quizzes found
Score Distribution
Percent of People with Each Score
Percentile by Number Answered
Your Score History
You have not taken this quiz